000 00540nam a22001457a 4500
005 20241016085931.0
008 241016b |||||||| |||| 00| 0 eng d
100 _aSilvestre, Magnolia.
_eauthor.
_962975
245 _aOn the street where I eat /
_cMagnolia Silvestre, and Shaira Barnuevo.
260 _aPhilippines;
_bPhilippine Graphic Publishing Inc.,
_cJuly 2019.
300 _aVolume 20, pages 32-35,
_billustration.
700 _aSilvestre, Magnolia.
_eauthor.
_962974
700 _aBarnuevo. Shaira.
_eauthor.
_962976
942 _2ddc
_cPER
999 _c22577
_d22577